[Event "Chess.com Rapid Wk3 Swiss"]
[Site "Chess.com INT"]
[Date "2022.02.27"]
[Round "6"]
[White "Jones, Gawain C B"]
[Black "Paravyan, David"]
[Result "1-0"]
[WhiteElo "2671"]
[BlackElo "2617"]
[PlyCount "143"]
[EventDate "2022.02.27"]
[EventType "swiss (rapid)"]
[EventRounds "9"]
[EventCountry "USA"]
[SourceTitle "CBM 207 Extra"]
[Source "ChessBase"]
[SourceDate "2022.05.31"]
[SourceVersion "1"]
[SourceVersionDate "2022.05.31"]
[SourceQuality "1"]

1. Nf3 Nf6 2. g3 c5 3. Bg2 Nc6 4. O-O e5 5. d3 d5 6. e4 Be7 7. Nc3 d4 8. Ne2 Bg4 ({RR} 8... Nd7 9. Nd2 h5 10. f4 h4 11. Nf3 hxg3 12. Nxg3 exf4 13. Nf5 g5 14. h4 f6 15. hxg5 fxg5 16. Nxg5 Bxg5 17. Nd6+ Ke7 18. Nf5+ Kf8 19. Bxf4 Bxf4 20. Rxf4 Nde5 21. c3 Bxf5 22. Qb3 dxc3 23. Rxf5+ {Adly,A (2602)-Zhou,J (2629) Riga 2021 0-1 (37)}) ({RR} 8... h6 9. Nd2 g5 10. a4 Qc7 11. Nc4 Be6 12. Na3 O-O-O 13. c3 Nd7 14. cxd4 exd4 15. f4 f5 16. e5 Nb6 17. Nb5 Qb8 18. a5 Nd5 19. a6 bxa6 20. Nd6+ Bxd6 21. exd6 Rxd6 22. Rxa6 Ncb4 23. Rxd6 {Thorhallsson,S (2234)-Yevchenko,A (2276) chess.com INT 2025 1-0}) 9. Ne1 Nd7 $146 ({RR} 9... h6 10. f4 g5 11. fxg5 hxg5 12. Bxg5 Be6 13. Nf3 Ng4 14. Bc1 Qd7 15. h3 Nh6 16. g4 O-O-O 17. Ng3 Bxg4 18. hxg4 Qxg4 19. Bxh6 Qxg3 20. Bd2 Rdg8 21. Rf2 Bh4 22. Nxh4 Qxh4 23. Kf1 Qh2 24. Qf3 {Heltzel,J-Van Beek,G Hengelo 2000 1-0 (31)}) 10. f4 f6 11. f5 Bh5 12. c4 a6 13. Bf3 Bf7 14. Bd2 b5 15. b3 Qb6 16. g4 a5 17. a4 bxc4 18. bxc4 Nb4 19. Ng3 Nb8 20. h4 h6 21. Qc1 N8a6 22. Be2 Kd7 23. Nf3 Rab8 24. Kg2 Nc6 25. g5 hxg5 26. hxg5 Qb2 27. g6 Be8 28. Qxb2 Rxb2 29. Rh1 Rg8 30. Rh7 Kd6 31. Rah1 Ncb4 32. Rh8 Rf8 33. R8h7 Rg8 34. Rh8 Rf8 35. Rxf8 Bxf8 36. Rh8 Ke7 37. Nh5 Nc7 38. Rg8 Bxa4 39. Nxg7 Bc2 40. Nh5 Ne8 41. Kg3 Nxd3 42. Bxd3 Bxd3 43. Bxa5 Bxc4 44. Bd8+ Kxd8 45. Rxf8 Ke7 46. Rh8 Rb3 47. Kf2 Rb2+ 48. Kg3 Rb3 49. Rh7+ Kf8 50. Kf2 Rb2+ 51. Ke1 Re2+ 52. Kd1 d3 53. Nd2 Bb5 54. Rf7+ Kg8 55. Rb7 Ba4+ 56. Kc1 c4 57. Rb8 c3 58. Nxf6+ Kg7 59. Nxe8+ Kh6 60. Kb1 Rxd2 61. Nd6 c2+ 62. Kb2 Rd1 63. Nf7+ Kh5 64. Rh8+ Kg4 65. Nxe5+ Kg3 66. Nxd3 c1=Q+ 67. Nxc1 Rd2+ 68. Ka3 Rc2 69. Kb4 Rc3 70. Ka5 Rc4 71. Kb6 Rc5 72. Kxc5 1-0

[Event "Chess.com Rapid Wk3 Swiss"]
[Site "Chess.com INT"]
[Date "2022.02.27"]
[Round "9"]
[White "Jones, Gawain C B"]
[Black "Kovalenko, Igor"]
[Result "1-0"]
[WhiteElo "2671"]
[BlackElo "2674"]
[PlyCount "101"]
[EventDate "2022.02.27"]
[EventType "swiss (rapid)"]
[EventRounds "9"]
[EventCountry "USA"]
[SourceTitle "CBM 207 Extra"]
[Source "ChessBase"]
[SourceDate "2022.05.31"]
[SourceVersion "1"]
[SourceVersionDate "2022.05.31"]
[SourceQuality "1"]

1. Nf3 d5 2. g3 Bg4 3. Bg2 Nd7 4. O-O Ngf6 5. h3 Bh5 ({RR} 5... Bxf3 6. Bxf3 e5 7. c4 c6 8. cxd5 cxd5 9. d3 Be7 10. Nc3 d4 11. Nb5 a6 12. Na3 Rb8 13. Bd2 b5 14. Rc1 O-O 15. Rc6 e4 16. dxe4 Ne5 17. Rc1 d3 18. Bg2 dxe2 19. Qxe2 Qd3 20. Qxd3 {Kramnik,V (2801)-Shirov,A (2684) Zuerich 2016 1-0 (31)}) 6. d4 e6 7. c4 c6 8. b3 $146 ({RR} 8. cxd5 exd5 9. Ne5 Nxe5 10. dxe5 Ne4 11. Bxe4 dxe4 12. Nc3 Qxd1 13. Rxd1 Bb4 14. Nxe4 Bxe2 15. Rd4 Be7 16. Bg5 h6 17. Bxe7 Kxe7 18. Re1 Bf3 19. Nd6 Bd5 20. a3 g6 21. f4 b6 22. b4 Rhd8 {Svane,R (2627)-Shirov,A (2661) chess.com INT 2024 ½-½ (100)}) ({RR} 8. Nbd2 Bd6 9. b3 O-O 10. Bb2 a5 11. Ne5 Qc7 12. f4 Bg6 13. Rc1 a4 14. c5 Be7 15. b4 a3 16. Bc3 Nxe5 17. dxe5 Nd7 18. e4 f6 19. exf6 Nxf6 20. e5 Nd7 21. Nb3 Rfd8 22. Nd4 Nf8 {Waldhausen Gordon,F (2366)-Ilinca,F (2440) chess.com INT 2025 1-0 (57)}) 8... a5 9. Nc3 Bb4 10. Bb2 O-O 11. e3 h6 12. Qc2 Bg6 13. Qe2 Ne4 14. Nxe4 Bxe4 15. c5 a4 16. a3 Ba5 17. b4 Bc7 18. b5 f5 19. b6 Bb8 20. Ne1 Bxg2 21. Kxg2 e5 22. f4 exf4 23. exf4 Nf6 24. Rf3 Ne4 25. Nd3 Ra5 26. Raf1 Rb5 27. Nb4 Qd7 28. Qc2 g5 29. Bc1 Kg7 30. Qxa4 g4 31. hxg4 fxg4 32. Re3 Qf5 33. Rfe1 h5 34. Qc2 h4 35. Rxe4 dxe4 36. Qxe4 Qxe4+ 37. Rxe4 hxg3 38. Re7+ Kg6 39. Kxg3 Kf5 40. Rxb7 Rh8 41. Rf7+ Ke4 42. Re7+ Kxd4 43. Bb2+ Kxc5 44. Bxh8 Kxb6 45. Kxg4 c5 46. Re6+ Kb7 47. Nc6 Bc7 48. Be5 Rb6 49. Bxc7 Kxc7 50. Nd4 Rb1 51. Rc6+ 1-0

[Event "Titled Tuesday intern op 01st Mar Early"]
[Site "Chess.com INT"]
[Date "2022.03.01"]
[Round "7"]
[White "Van Foreest, Jorden"]
[Black "Obolenskikh, Dmitry Aleksandrovi"]
[Result "1-0"]
[WhiteElo "2702"]
[BlackElo "2547"]
[PlyCount "41"]
[EventDate "2022.03.01"]
[EventType "swiss (blitz)"]
[EventRounds "11"]
[EventCountry "USA"]
[SourceTitle "CBM 207 Extra"]
[Source "ChessBase"]
[SourceDate "2022.05.31"]
[SourceVersion "1"]
[SourceVersionDate "2022.05.31"]
[SourceQuality "1"]

1. Nf3 d5 2. b3 Bg4 3. Bb2 Bxf3 4. exf3 Nd7 5. f4 e6 6. g3 Ngf6 7. Bg2 Bd6 ({RR} 7... Be7 8. O-O c5 9. c4 O-O 10. d3 Rb8 11. Nd2 b5 12. Qc2 a6 13. Nf3 bxc4 14. bxc4 d4 15. Bc1 Bd6 16. Bd2 g6 17. Qa4 Qb6 18. Ba5 Qa7 19. Rfe1 Bc7 20. Bd2 Rb2 21. Bc1 Rb4 22. Qc2 {Nakamura,H (2792)-Anand,V (2783) Saint Louis 2017 1-0 (52)}) ({RR} 7... g6 8. O-O Bg7 9. d3 O-O 10. Nd2 Ne8 11. Bxg7 Kxg7 12. d4 Nd6 13. c4 c6 14. Qe2 a5 15. Nf3 a4 16. c5 Nf5 17. b4 a3 18. Rab1 Ra4 19. Rfd1 h5 20. Rb3 Qa8 21. Bh3 Ne7 22. Re1 {Topalov,A (2233)-Koepke,C (2319) chess.com INT 2025 1-0 (72)}) 8. O-O O-O 9. d3 Qe7 $146 ({RR} 9... Re8 10. Nd2 e5 11. fxe5 Bxe5 12. Bxe5 Nxe5 13. Qc1 Qd7 14. Qb2 Qf5 15. Rae1 Re6 16. d4 Neg4 17. Rxe6 fxe6 18. h3 Nh6 19. Re1 Re8 20. Nf3 Ne4 21. c4 Rf8 22. Re2 Qh5 23. Ne5 Nc3 24. Rd2 {Ehrman,C-Zendrowski,J London,Canada 1994 0-1 (35)}) 10. Re1 Bb4 11. Re2 Rfe8 12. a3 Bd6 13. Nd2 Qf8 14. Nf3 a5 15. Ne5 c6 16. a4 Bb4 17. h4 h5 18. Nf3 g6 19. Ng5 Be7 20. Bh3 Nh7 21. Nxe6 1-0

[Event "Titled Tuesday intern op 01st Mar Early"]
[Site "Chess.com INT"]
[Date "2022.03.01"]
[Round "8"]
[White "Jones, Gawain C B"]
[Black "Indjic, Aleksandar"]
[Result "1-0"]
[WhiteElo "2671"]
[BlackElo "2604"]
[PlyCount "107"]
[EventDate "2022.03.01"]
[EventType "swiss (blitz)"]
[EventRounds "11"]
[EventCountry "USA"]
[SourceTitle "CBM 207 Extra"]
[Source "ChessBase"]
[SourceDate "2022.05.31"]
[SourceVersion "1"]
[SourceVersionDate "2022.05.31"]
[SourceQuality "1"]

1. Nf3 d5 2. g3 Nd7 3. Bg2 e5 4. d3 Ngf6 5. O-O Bc5 6. Nc3 ({RR} 6. c3 O-O 7. b4 Bd6 8. Nbd2 a5 9. b5 c6 10. a4 cxb5 11. axb5 Nb6 12. Bb2 h6 13. c4 dxc4 14. Nxc4 Nxc4 15. dxc4 Qe7 16. c5 Bxc5 17. Nxe5 Be6 18. Nd3 Rfd8 19. Qa4 Bb6 20. Qh4 Bd5 {Maghsoodloo,P (2674)-Alekseenko,K (2704) Chess.com INT 2020 0-1 (33)}) 6... e4 $146 ({RR} 6... c6 7. e4 dxe4 8. Nxe4 Nxe4 9. dxe4 O-O 10. Qe2 Qe7 11. c3 a5 12. a4 Nf6 13. Rd1 Bg4 14. Be3 Rad8 15. h3 Bh5 16. g4 Bg6 17. Nh4 Rfe8 18. Nf5 Qf8 19. Qc4 Bxe3 20. Nxe3 Nd7 21. Qb3 {Pulpan,J (2407)-Esipenko,A (2682) Chess.com INT 2020 0-1 (44)}) ({RR} 6... c6 7. e4 dxe4 8. Nxe4 Nxe4 9. dxe4 O-O 10. Qe2 Qe7 11. a4 a5 12. Ne1 Bb6 13. Nd3 Nc5 14. Be3 Ra6 15. Rfd1 Nxd3 16. Rxd3 Be6 17. b3 Qb4 18. Bc1 Qe7 19. Bb2 f6 20. Ba3 Bc5 21. Bxc5 {Rubes,J (2433)-Mohamed,A (2359) Karlsruhe GER 2025 ½-½ (66)}) ({RR} 6... d4 7. Nb1 O-O 8. c3 Re8 9. b4 Bb6 10. Bb2 Qe7 11. Nbd2 dxc3 12. Bxc3 Nd5 13. Qb3 Nxc3 14. Qxc3 Nf6 15. Ng5 Bd4 16. Qb3 Bxa1 17. Rxa1 h6 18. Nge4 Nxe4 19. Nxe4 Be6 20. Qc3 Bd5 21. Nf6+ {Jones,G (2671)-Fedoseev,V (2704) Chess.com INT 2022 0-1 (71)}) 7. dxe4 dxe4 8. Ng5 e3 9. Bxe3 Bxe3 10. fxe3 O-O 11. Qd4 c6 12. Rad1 Qe7 13. Nge4 Nxe4 14. Nxe4 Ne5 15. Qd6 Qxd6 16. Nxd6 Rb8 17. Rd4 Be6 18. a4 f6 19. h3 b6 20. Rfd1 h6 21. b3 c5 22. R4d2 Rfd8 23. Nb5 Rxd2 24. Rxd2 c4 25. b4 a5 26. bxa5 bxa5 27. Bd5 Kf7 28. e4 Ke7 29. Bxe6 Kxe6 30. Rd5 Ke7 31. Kf2 h5 32. Ke3 h4 33. gxh4 Rh8 34. Nd4 g6 35. Nf3 Nc6 36. Rc5 Kd6 37. Rxc4 Rb8 38. e5+ fxe5 39. Rg4 Ne7 40. Kd3 Rb1 41. Nd2 Rd1 42. c3 Ke6 43. Re4 Nc6 44. Kc2 Ra1 45. Nb3 Rf1 46. Rg4 Kd6 47. Rxg6+ Kc7 48. h5 Rf5 49. h6 Rh5 50. Nc5 Rxh3 51. Ne4 Kb6 52. Ng5 Rh2 53. h7 Kc5 54. Rg8 1-0

[Event "Titled Tuesday intern op 01st Mar Early"]
[Site "Chess.com INT"]
[Date "2022.03.01"]
[Round "8"]
[White "Nakamura, Hikaru"]
[Black "Oparin, Grigoriy"]
[Result "1-0"]
[WhiteElo "2736"]
[BlackElo "2681"]
[PlyCount "97"]
[EventDate "2022.03.01"]
[EventType "swiss (blitz)"]
[EventRounds "11"]
[EventCountry "USA"]
[SourceTitle "CBM 207 Extra"]
[Source "ChessBase"]
[SourceDate "2022.05.31"]
[SourceVersion "1"]
[SourceVersionDate "2022.05.31"]
[SourceQuality "1"]

1. Nf3 Nf6 2. b3 d5 3. Bb2 c5 4. g3 ({RR} 4. c4 d4 5. b4 Nc6 6. b5 Na5 7. d3 g6 8. g3 Bg7 9. Bg2 O-O 10. O-O Re8 11. Re1 e5 12. Ng5 e4 13. Nd2 e3 14. fxe3 Ng4 15. Nxf7 Kxf7 16. Bd5+ Be6 17. exd4 Bxd5 18. cxd5 Ne3 {Hamitevici,V (2482)-Kamsky,G (2658) Chess.com INT 2022 0-1}) 4... Bf5 ({RR} 4... Bg4 5. Bg2 Nc6 6. d3 Qd7 7. Be5 Bxf3 8. Bxf3 Nxe5 9. Bg2 h5 10. h4 Nfg4 11. O-O g5 12. d4 Ng6 13. Nc3 e6 14. Qd3 gxh4 15. f4 hxg3 16. f5 exf5 17. Nxd5 Bg7 18. c3 h4 19. Rxf5 {Roca Marrero,F (1666)-Cabrera Ramos,J (1784) Vecindario ESP 2024 0-1}) 5. Bg2 e6 6. c4 $146 ({RR} 6. O-O Be7 7. d3 O-O 8. Nbd2 Nbd7 9. Nh4 Bg4 10. h3 Bh5 11. Nhf3 Rc8 12. a3 Bd6 13. Kh1 Qc7 14. Rg1 Ne8 15. Nf1 Qd8 16. Qd2 d4 {½-½ (16) Jaume Pons,A (1812)-Leon Kinon,S (1914) Palma de Mallorca 2000}) 6... Nc6 7. cxd5 Nxd5 8. d3 Bg6 9. Nbd2 Rc8 10. Rc1 Nf6 11. Ne5 Nxe5 12. Bxe5 b6 13. b4 Nd7 14. Bb2 cxb4 15. O-O Rxc1 16. Qxc1 f6 17. Qc6 Kf7 18. Qb7 Be7 19. Rc1 Nc5 20. Qxa7 Qb8 21. Qxb8 Rxb8 22. d4 Na4 23. Ba1 Rd8 24. Nb3 e5 25. dxe5 Nc3 26. Bxc3 bxc3 27. Rxc3 Rd1+ 28. Bf1 fxe5 29. Kg2 Bb1 30. a4 Ba2 31. e3 Bb4 32. Rc7+ Ke8 33. Bc4 Rb1 34. Na5 bxa5 35. Bxa2 Rb2 36. Be6 Be1 37. Rf7 e4 38. Rf4 Rb4 39. Bd5 Ke7 40. Rxe4+ Rxe4 41. Bxe4 h6 42. f4 Bd2 43. Kf3 Kf6 44. Bd3 g5 45. e4 Ke6 46. Bc4+ Kd6 47. Kg4 Kc5 48. Bb5 Kd4 49. Kf5 1-0

[Event "Titled Tuesday intern op 01st Mar Late"]
[Site "Chess.com INT"]
[Date "2022.03.01"]
[Round "5"]
[White "Gareyev, Timur"]
[Black "Ponkratov, Pavel"]
[Result "1-0"]
[WhiteElo "2573"]
[BlackElo "2641"]
[PlyCount "105"]
[EventDate "2022.03.01"]
[EventType "swiss (blitz)"]
[EventRounds "11"]
[EventCountry "USA"]
[SourceTitle "CBM 207 Extra"]
[Source "ChessBase"]
[SourceDate "2022.05.31"]
[SourceVersion "1"]
[SourceVersionDate "2022.05.31"]
[SourceQuality "1"]

1. Nf3 Nf6 2. g3 g6 3. b4 Bg7 4. Bb2 O-O ({RR} 4... b6 5. Bg2 Bb7 6. O-O O-O 7. d3 c5 8. bxc5 bxc5 9. Nbd2 Nc6 10. Rb1 Rb8 11. c4 Qc7 12. Qa4 d6 13. Bxf6 Bxf6 14. Rb3 Ba8 15. Rfb1 Rxb3 16. Rxb3 Bg7 17. e3 Rd8 18. Ne1 e6 19. Rb5 {Fauland,A (2452)-Socko,B (2636) Austria 2012 0-1}) ({RR} 4... b6 5. Bg2 Bb7 6. O-O d5 7. d3 O-O 8. Nbd2 c5 9. bxc5 bxc5 10. Rb1 Qc8 11. c4 d4 12. Ba3 Nbd7 13. Qa4 Bc6 14. Qa5 Qd8 15. Qxd8 Rfxd8 16. Nb3 Rac8 17. Na5 Ba8 18. Rb5 Rb8 19. Rfb1 {Jablonicky,M (2380)-Shreyas Seshadri Nallore (2147) Pula CRO 2024 1-0 (37)}) 5. a4 $146 ({RR} 5. d3 d5 6. Nbd2 Na6 7. b5 Nc5 8. c4 Bg4 9. Bg2 Re8 10. O-O dxc4 11. Nxc4 Qc8 12. Rc1 Bh6 13. e3 Qd7 14. Bxf6 exf6 15. d4 Ne4 16. Qb3 Be6 17. Qb2 Bd5 18. Nfd2 Nxd2 19. Nxd2 Bxg2 {Ramirez Alvarez,R-Ezequiel,M Asturias 1990 1-0 (41)}) 5... a5 6. b5 b6 7. d3 Bb7 8. Nbd2 c6 9. Bg2 cxb5 10. axb5 d5 11. O-O Nbd7 12. Nd4 Rc8 13. c4 Qc7 14. Rc1 Qd6 15. cxd5 Nxd5 16. Nc4 Qb4 17. Bxd5 Bxd5 18. Ba3 Bxd4 19. Bxb4 axb4 20. Qb3 Bc5 21. Qb2 e6 22. e4 Bb7 23. d4 Be7 24. Rfe1 Ra8 25. Nxb6 Nxb6 26. Rc7 Na4 27. Qb3 Bxe4 28. Rxe7 Bd5 29. Qxb4 Rfc8 30. b6 Rcb8 31. b7 Ra7 32. Rc1 Rbxb7 33. Rxb7 Bxb7 34. h4 Bd5 35. h5 Kg7 36. Rc8 Kh6 37. Qf8+ Kxh5 38. Qg7 Kg5 39. Qe5+ Kh6 40. Rh8 Nc3 41. Qf4+ Kg7 42. Qe5+ f6 43. Rg8+ Kxg8 44. Qb8+ Kg7 45. Qxa7+ Kh6 46. Qf7 Ne2+ 47. Kh2 Nxd4 48. Qxf6 Nf3+ 49. Kh3 Ng5+ 50. Kg4 Bf3+ 51. Kh4 e5 52. Qxg5+ Kg7 53. Qe7+ 1-0

[Event "Titled Tuesday intern op 01st Mar Late"]
[Site "Chess.com INT"]
[Date "2022.03.01"]
[Round "10"]
[White "Nakamura, Hikaru"]
[Black "Gareyev, Timur"]
[Result "1-0"]
[WhiteElo "2736"]
[BlackElo "2573"]
[PlyCount "107"]
[EventDate "2022.03.01"]
[EventType "swiss (blitz)"]
[EventRounds "11"]
[EventCountry "USA"]
[SourceTitle "CBM 207 Extra"]
[Source "ChessBase"]
[SourceDate "2022.05.31"]
[SourceVersion "1"]
[SourceVersionDate "2022.05.31"]
[SourceQuality "1"]

1. Nf3 Nf6 2. b3 b6 3. Bb2 Bb7 4. e3 e6 5. g3 g6 6. d4 $146 ({RR} 6. Bg2 Bg7 7. O-O O-O 8. d4 d5 9. a4 c5 10. a5 Nbd7 11. Nbd2 Qc7 12. a6 Bc6 13. Qe2 Rac8 14. Rfc1 Qb8 15. c4 Qa8 16. dxc5 bxc5 17. cxd5 exd5 18. Bh3 Rfe8 19. Qd3 Rb8 20. Bc3 Bb5 {Nakamura,H (2793)-Harikrishna,P (2743) Chess.com INT 2015 1-0 (38)}) ({RR} 6. Bg2 Bg7 7. O-O O-O 8. d4 d6 9. c4 Nbd7 10. Qc2 Qe7 11. Nc3 a6 12. Rad1 c5 13. d5 exd5 14. Ne1 b5 15. Nxd5 Nxd5 16. Bxd5 Bxd5 17. Bxg7 Kxg7 18. Rxd5 Nb6 19. Rd2 Rfd8 20. Ng2 d5 {Nakamura,H (2802)-Moroni,L (2545) chess.com INT 2025 1-0 (42)}) 6... Bg7 7. Bd3 d6 8. O-O Nbd7 9. Nbd2 e5 10. dxe5 Ng4 11. Be4 d5 12. Bd3 O-O 13. Rb1 Ngxe5 14. Be2 Re8 15. Re1 h5 16. Bf1 c5 17. Bg2 Ng4 18. Bxg7 Kxg7 19. c4 Qc7 20. Qc2 Rad8 21. Qc3+ Ndf6 22. Rbd1 Kg8 23. h3 Ne5 24. Nxe5 Qxe5 25. Qxe5 Rxe5 26. Nb1 Re7 27. Nc3 Red7 28. f4 d4 29. exd4 cxd4 30. Nb1 Bxg2 31. Kxg2 d3 32. Nd2 h4 33. g4 a5 34. Nf3 a4 35. Re3 axb3 36. axb3 b5 37. Ne5 Ra7 38. Rexd3 Ra2+ 39. Kf1 Rxd3 40. Rxd3 bxc4 41. bxc4 Ne4 42. Rd4 Ng3+ 43. Ke1 Re2+ 44. Kd1 Rh2 45. c5 Rxh3 46. c6 Rh1+ 47. Kc2 Rh2+ 48. Kb3 Ne2 49. Rd8+ Kg7 50. c7 Nc1+ 51. Kc3 Ne2+ 52. Kb4 Nxf4 53. c8=Q Rb2+ 54. Ka3 1-0

[Event "Bundesliga 2122"]
[Site "Germany"]
[Date "2022.05.01"]
[Round "6.3"]
[White "Korobov, Anton"]
[Black "Thybo, Jesper Sondergaard"]
[Result "1-0"]
[WhiteElo "2695"]
[BlackElo "2590"]
[Annotator "Edouard,Romain"]
[PlyCount "57"]
[EventDate "2022.03.05"]
[EventType "team-tourn"]
[EventRounds "15"]
[EventCountry "GER"]
[SourceTitle "CBM 209 Extra"]
[Source "ChessBase"]
[SourceDate "2022.09.30"]
[SourceVersion "1"]
[SourceVersionDate "2022.09.30"]
[SourceQuality "1"]
[WhiteTeam "Viernheim"]
[BlackTeam "Kiel Turm"]
[WhiteTeamCountry "GER"]
[BlackTeamCountry "GER"]

{[%evp 0,57,25,25,27,-6,13,13,15,-3,9,-3,-3,-26,-7,-8,-16,-17,-12,-18,-9,-6,-2,8,1,0,10,23,29,-12,17,5,5,4,16,-3,15,43,17,14,14,35,188,188,188,227,205,166,178,178,172,206,407,409,572,549,668,394,545,623]} 1. Nf3 Nf6 2. g3 c5 3. Bg2 Nc6 4. O-O e5 5. d3 d5 6. e4 d4 7. a4 Bd6 (7... Be7 {is the main alternative:} 8. Na3 O-O 9. Nc4 Qc7 10. Nh4 $132) 8. Nh4 ({RR} 8. Na3 Be6 9. Ng5 Bg4 10. f3 Bh5 11. h4 h6 12. Nh3 Nd7 13. Nf2 g5 14. hxg5 hxg5 15. Bh3 Qe7 16. Kg2 O-O-O 17. Bd2 Kb8 18. Qe2 Nf8 19. Rh1 Ne6 20. Bg4 Bg6 21. Bf5 Rdg8 22. Rxh8 Rxh8 {Grischuk,A (2775)-Caruana,F (2819) Stavanger 2019 1-0 (48)}) ({RR} 8. Na3 O-O 9. Nh4 a6 10. Bg5 h6 11. Bd2 Be6 12. Nf5 Bxf5 13. exf5 Qd7 14. Qf3 Rab8 15. Nc4 Bc7 16. a5 Ne7 17. Rfe1 Qxf5 18. Nxe5 Qxf3 19. Bxf3 Rfe8 20. Nc4 Ned5 21. Kf1 Kf8 22. Reb1 Bd8 {Rihterovic,M (2177)-Sanjay Narayanan P S (2169) Pozarevac SRB 2025 1-0 (35)}) 8... O-O 9. Nf5 Bc7 10. Bg5 $5 h6 $146 ({RR} 10... Be6 11. Qf3 Bxf5 12. exf5 h6 13. Bxf6 Qxf6 14. Nd2 Qe7 15. Qg4 Nb4 16. Rac1 Bd8 17. Ne4 Nd5 18. Rfe1 Nf6 19. Nxf6+ Qxf6 20. Bxb7 Rb8 21. Bd5 Rxb2 22. Bb3 Bc7 23. Qg6 Kh8 24. Qh5 Kh7 25. Rb1 {Brankovic,D (2290)-Pobor,M (2175) Paracin 2020 ½-½ (52)}) 11. Bh4 $5 {A very nice idea, although Black seems to be doing good objectively.} Kh7 (11... g5 $4 12. Nxh6+ $18) 12. g4 $1 g5 (12... Rh8 $5 {was a cute defence:} 13. Qf3 (13. g5 hxg5 14. Bxg5 Bxf5 15. exf5 Qd6 $15) 13... Kg8 14. Nd2 g5 15. Bg3 h5 $132) 13. Bg3 Ne7 14. h4 Ng6 $2 {With such a large choice of moves, and so many bad ones amongst them, it is no surprise that Black went wrong.} (14... gxh4 $1 15. Bxh4 Ng6 16. Bg3 Nf4 $17 {just seems like a fail for White.}) (14... h5 $5 {is an impressive, but probably awesome defense as well.}) (14... Rg8 $5 {is playable too.}) 15. hxg5 hxg5 16. Bf3 Rh8 17. Kg2 Nf4+ (17... Bxf5 18. exf5 Nf4+ 19. Bxf4 exf4 20. Nd2 $14) 18. Bxf4 exf4 19. Rh1+ Kg6 20. Nd2 Rb8 $2 {Allowing White to link his rooks is the beginning of the end.} (20... Rxh1 21. Qxh1 Bxf5 22. exf5+ Kg7 23. Bxb7 Rb8 24. Bf3 Rxb2 25. Qh3 $16) 21. Qe2 Nd7 22. Rxh8 Qxh8 23. Rh1 {Black's position is hopeless.} Qf8 24. Qe1 $1 (24. Rh6+ $6 {would win the queen, but White wants more than that.}) 24... Ne5 25. Rh5 Kf6 26. Rh6+ Ng6 27. e5+ Ke6 (27... Bxe5 28. Ne4+ $18) 28. Ne4 Kd7 29. e6+ $1 1-0

[Event "Bundesliga 2122"]
[Site "Germany"]
[Date "2022.07.09"]
[Round "13.3"]
[White "Anton Guijarro, David"]
[Black "Nikolic, Predrag"]
[Result "1-0"]
[WhiteElo "2694"]
[BlackElo "2541"]
[PlyCount "103"]
[EventDate "2022.03.05"]
[EventType "team-tourn"]
[EventRounds "15"]
[EventCountry "GER"]
[SourceTitle "CBM 209 Extra"]
[Source "ChessBase"]
[SourceDate "2022.09.30"]
[SourceVersion "1"]
[SourceVersionDate "2022.09.30"]
[SourceQuality "1"]
[WhiteTeam "Viernheim"]
[BlackTeam "Solingen"]
[WhiteTeamCountry "GER"]
[BlackTeamCountry "GER"]

1. Nf3 d5 2. e3 c5 3. b3 Nc6 4. Bb5 Bd7 5. Bb2 e6 6. c4 ({RR} 6. O-O Nge7 7. c4 a6 8. Bxc6 Bxc6 9. Ne5 Rc8 10. Nxc6 Nxc6 11. cxd5 Qxd5 12. Nc3 Qd7 13. Rc1 Nb4 14. Na4 Rc6 15. d4 cxd4 16. Bxd4 f6 17. a3 Rxc1 18. Qxc1 Nc6 19. Nc5 Bxc5 20. Bxc5 Kf7 {Torres Rebolledo,A (2309)-Pang,E (2257) chess.com INT 2025 1-0 (61)}) 6... dxc4 ({RR} 6... Nge7 7. cxd5 Nxd5 8. O-O a6 9. Be2 f6 10. d4 Be7 11. e4 Nf4 12. d5 Nd4 13. Nxd4 cxd4 14. dxe6 Bxe6 15. Bf3 Bc5 16. g3 Nh3+ 17. Kh1 O-O 18. Bg2 Qd7 19. f4 Bg4 20. Qd3 Qb5 21. Qd2 {So,W (2772)-Caruana,F (2806) Saint Louis 2021 0-1 (44)}) 7. bxc4 $146 ({RR} 7. Bxc4 Nf6 8. O-O Be7 9. Be2 O-O 10. Na3 Nd5 11. Nc4 Bf6 12. Qc1 Bxb2 13. Qxb2 Qf6 14. Nfe5 Nxe5 15. Nxe5 Rfd8 16. f4 Be8 17. Rac1 b6 18. a3 Qe7 19. Bf3 Rac8 20. Be4 f6 21. Nf3 Bb5 {Stanford,M (2385)-Halldorsson,J (2195) Reykjavik 2011 0-1 (60)}) 7... Nf6 8. O-O Be7 9. d4 O-O 10. Nbd2 Rc8 11. dxc5 a6 12. Ba4 Nb4 13. Rb1 Nd3 14. Bxf6 Bxf6 15. Bxd7 Qxd7 16. Ne4 Be7 17. Rb3 Rfd8 18. Qb1 f5 19. Nd6 Bxd6 20. cxd6 Nc5 21. Rb6 Qa4 22. Ne5 Qa5 23. d7 Nxd7 24. Nxd7 Rxd7 25. Rxb7 Rdc7 26. Rxc7 Qxc7 27. Rc1 Qc5 28. Qb7 Qc6 29. Qe7 h6 30. c5 Kh7 31. Qh4 Rb8 32. Qd4 Rb5 33. a4 Rb3 34. h3 a5 35. Rc4 Kg6 36. Qe5 Rb4 37. Rd4 Kh7 38. Rd6 Qe4 39. Qxe4 fxe4 40. Rd4 Rb1+ 41. Kh2 Rc1 42. Rxe4 Rxc5 43. f4 Kg8 44. Rxe6 Rc4 45. Kg3 Rxa4 46. Ra6 Kf7 47. Kf3 Ra1 48. g4 Rh1 49. Kg2 Re1 50. Kf2 Rh1 51. Rxa5 Rxh3 52. Rh5 1-0